000 00400nam a2200145Ia 4500
008 230711s9999||||xx |||||||||||||| ||und||
041 _aENG
082 _a620.11
_bSC-M
100 _aShackelford,James F.
245 0 _aIntroduction to material science for engineers
250 _a1st Ed.
260 _c1985
_aNew York
_bMacMillan Publications Pvt.Ltd
650 _aMechanical Engineering
942 _cBK
999 _c1056
_d1056